[Event "DEM U14 2014"]
[Site "Magdeburg GER"]
[Date "2014.06.12"]
[Round "7"]
[White "Ramien, David"]
[Black "Müller, Elias"]
[Result "1-0"]
[Termination "normal"]
[Board "15"]
[WhiteElo "1883"]
[BlackElo "1686"]
[PlyCount "33"]
[WhiteFideId "12948241"]
[BlackFideId "12917133"]
[EventCountry "GER"]
[EventRounds "9"]
[EventType "swiss"]
[EventDate "2014.06.07"]

1. e4 c5 2. Nf3 d6 3. Bb5+ Bd7 4. Bxd7+ Qxd7 5. O-O g6 6. c3 Bg7 7. d4 cxd4 8.
cxd4 Nc6 9. Nc3 Nf6 10. Qe2 a6 11. Rd1 b5 12. Bg5 Ng4 13. Nd5 h6 14. Bh4 g5 15.
Bg3 Qb7 16. Rac1 O-O 17. Rxc6 1-0

[Event "DEM U14 2014"]
[Site "Magdeburg GER"]
[Date "2014.06.12"]
[Round "7"]
[White "Hofmann, Rares"]
[Black "Lai Hop, Long"]
[Result "1-0"]
[Termination "normal"]
[Board "19"]
[WhiteElo "1890"]
[BlackElo "1660"]
[PlyCount "68"]
[WhiteFideId "12976440"]
[BlackFideId "12942707"]
[EventCountry "GER"]
[EventRounds "9"]
[EventType "swiss"]
[EventDate "2014.06.07"]

1. e4 c5 2. Nf3 d6 3. d4 cxd4 4. Nxd4 Nf6 5. Nc3 a6 6. Be3 b5 7. g4 Nxg4 8. Bg5
Qb6 9. Nd5 Qd8 10. a4 h6 11. axb5 Bb7 12. Qxg4 hxg5 13. Qxg5 axb5 14. Bxb5+ Nd7
15. Rxa8 Bxa8 16. Ne6 Qa5+ 17. b4 Bxd5 18. Nxg7+ Bxg7 19. bxa5 Bc3+ 20. Kd1
Bxe4 21. Bxd7+ Kxd7 22. Qb5+ Bc6 23. Qf5+ Kd8 24. Rg1 f6 25. Rg3 Bd7 26. Qd5
Be5 27. Rb3 e6 28. Qa8+ Bc8 29. Rb8 Kd7 30. Qa7+ Kc6 31. Qb6+ Kd7 32. Rb7+ Ke8
33. Qc6+ Kd8 34. Qc7+ Ke8 1-0

[Event "DEM U14 2014"]
[Site "Magdeburg GER"]
[Date "2014.06.12"]
[Round "7"]
[White "Abdurakhimov, Peter"]
[Black "Nguyen, Anh Van"]
[Result "1-0"]
[Termination "normal"]
[Board "20"]
[WhiteElo "1784"]
[BlackElo "1610"]
[PlyCount "117"]
[WhiteFideId "12979694"]
[BlackFideId "12908223"]
[EventCountry "GER"]
[EventRounds "9"]
[EventType "swiss"]
[EventDate "2014.06.07"]

1. e4 c6 2. Nf3 d5 3. Nc3 dxe4 4. Nxe4 Nd7 5. d4 Ngf6 6. Ng3 e6 7. Bd3 Qc7 8.
O-O Bd6 9. c4 O-O 10. c5 Be7 11. Bd2 b6 12. b4 Nd5 13. Re1 Nf4 14. Be4 Ng6 15.
h4 f5 16. Bc2 Nxh4 17. Bb3 Nxf3+ 18. Qxf3 Nf6 19. Nxf5 Kh8 20. Nxe7 Qxe7 21.
Bg5 bxc5 22. bxc5 h6 23. Bxf6 Qxf6 24. Qxf6 Rxf6 25. Re5 Bd7 26. Rae1 Rd8 27.
Bxe6 Bxe6 28. Rxe6 Rxe6 29. Rxe6 Rxd4 30. Rxc6 Ra4 31. Rc8+ Kh7 32. c6 Rxa2 33.
c7 Rc2 34. f3 a5 35. Kh2 a4 36. Kg3 a3 37. Ra8 Rxc7 38. Rxa3 Kg6 39. Ra5 Rc6
40. f4 Rb6 41. Kg4 Kf6 42. g3 Rc6 43. Rf5+ Kg6 44. Rf8 Rf6 45. f5+ Kh7 46. Rxf6
gxf6 47. Kh4 Kg7 48. Kg4 Kh7 49. Kh5 Kg7 50. Kh4 Kh7 51. Kg4 Kg7 52. Kf4 Kf7
53. Ke4 h5 54. Kd5 Ke7 55. Kc6 Ke8 56. Kd6 Kf7 57. Kd7 Kf8 58. Ke6 Kg7 59. Ke7
1-0

[Event "DEM U14 2014"]
[Site "Magdeburg GER"]
[Date "2014.06.12"]
[Round "7"]
[White "Visvikis, Christos"]
[Black "Amler, Nick"]
[Result "1-0"]
[Termination "normal"]
[Board "21"]
[WhiteElo "1723"]
[BlackElo "1414"]
[PlyCount "93"]
[WhiteFideId "12967955"]
[BlackFideId "12930539"]
[EventCountry "GER"]
[EventRounds "9"]
[EventType "swiss"]
[EventDate "2014.06.07"]

1. e4 e5 2. Nf3 Nc6 3. d4 exd4 4. Nxd4 Nf6 5. Nc3 Bb4 6. Nxc6 bxc6 7. Bd3 d5 8.
exd5 cxd5 9. O-O O-O 10. Bg5 c6 11. Qf3 Be7 12. Rfe1 Re8 13. Qg3 Be6 14. a3 Qd7
15. Bd2 Bd6 16. Qh4 Bf5 17. Ne2 Ng4 18. Bxf5 Qxf5 19. Nd4 Qd7 20. h3 Nf6 21. f3
c5 22. Ne2 Qb5 23. c4 Qxb2 24. Bc3 Qb7 25. Bxf6 gxf6 26. Qxf6 Bf8 27. Qg5+ Bg7
28. Rab1 Qd7 29. Nf4 dxc4 30. Rbd1 Rxe1+ 31. Rxe1 Qd4+ 32. Kh1 c3 33. Nh5 c2
34. Nxg7 Qxg7 35. Qxc5 Qb2 36. Kh2 Kh8 37. Qc7 Rg8 38. Rc1 h6 39. Rxc2 Qxa3 40.
Qe5+ Kh7 41. Qf4 Rg7 42. Rc6 Kg8 43. Rc8+ Kh7 44. Qf5+ Rg6 45. Qxf7+ Rg7 46.
Qf5+ Rg6 47. Rc6 1-0

[Event "DEM U14 2014"]
[Site "Magdeburg GER"]
[Date "2014.06.12"]
[Round "7"]
[White "Perekhozhuk, Maksym"]
[Black "Jurga, Jonas Vincent"]
[Result "1-0"]
[Termination "normal"]
[Board "22"]
[WhiteElo "1759"]
[BlackElo "1722"]
[PlyCount "67"]
[WhiteFideId "12914860"]
[BlackFideId "12968013"]
[EventCountry "GER"]
[EventRounds "9"]
[EventType "swiss"]
[EventDate "2014.06.07"]

1. e4 e5 2. Nf3 Nc6 3. Bc4 Bc5 4. c3 Nf6 5. d3 d6 6. O-O h6 7. Nbd2 a6 8. h3
O-O 9. Bb3 Be6 10. Re1 Ba7 11. Nf1 Bxb3 12. axb3 Nh5 13. Be3 Qf6 14. Bxa7 Rxa7
15. Ne3 Nf4 16. Nf5 Kh7 17. Ng3 Raa8 18. d4 exd4 19. cxd4 Ng6 20. Re3 Rfe8 21.
Rc1 Qe7 22. Nf5 Qd7 23. N3h4 Nxh4 24. Nxh4 Rad8 25. Qd3 Kh8 26. Rg3 Qe7 27. Rg4
g6 28. Qe3 Kh7 29. Re1 Rd7 30. Nf3 Qf8 31. Rh4 f6 32. Rg4 f5 33. Rh4 Rxe4 34.
Ng5+ 1-0

[Event "DEM U14 2014"]
[Site "Magdeburg GER"]
[Date "2014.06.12"]
[Round "7"]
[White "Dallinger, Moritz"]
[Black "Schamber, Dennis"]
[Result "1/2-1/2"]
[Termination "normal"]
[Board "23"]
[WhiteElo "1544"]
[BlackElo "1560"]
[PlyCount "83"]
[WhiteFideId "12910864"]
[BlackFideId "12952176"]
[EventCountry "GER"]
[EventRounds "9"]
[EventType "swiss"]
[EventDate "2014.06.07"]

1. e4 d6 2. d4 Nf6 3. Nc3 g6 4. f4 Bg7 5. Nf3 c6 6. Bd3 Nbd7 7. e5 dxe5 8. fxe5
Nd5 9. Nxd5 cxd5 10. O-O e6 11. Qe1 a6 12. b3 b5 13. Qg3 Qb6 14. Kh1 Bb7 15.
Qh4 h6 16. Bd2 g5 17. Qh5 O-O-O 18. Rab1 a5 19. Rfc1 Kb8 20. c4 b4 21. c5 Qc6
22. Qxf7 Rhg8 23. Qh5 Rc8 24. Qg4 Ba6 25. Bxa6 Qxa6 26. Re1 Nf8 27. Rbd1 Ng6
28. Ng1 Rcf8 29. Qe2 Qc6 30. g3 Ne7 31. Rf1 Nf5 32. Qd3 Kb7 33. Nf3 Kb8 34. a3
bxa3 35. Bxa5 g4 36. Nd2 Bxe5 37. dxe5 d4+ 38. Qe4 Qxc5 39. b4 Qc3 40. Rc1 Qxd2
41. Bc7+ Ka7 42. Bb6+ 1/2-1/2

[Event "DEM U14 2014"]
[Site "Magdeburg GER"]
[Date "2014.06.12"]
[Round "7"]
[White "Killgus, Leonard"]
[Black "Bureik, Nicolas"]
[Result "1-0"]
[Termination "normal"]
[Board "24"]
[WhiteElo "1732"]
[BlackElo "1513"]
[PlyCount "105"]
[WhiteFideId "12922021"]
[BlackFideId "12971863"]
[EventCountry "GER"]
[EventRounds "9"]
[EventType "swiss"]
[EventDate "2014.06.07"]

1. e4 d5 2. exd5 Qxd5 3. Nc3 Qd6 4. d4 Nf6 5. Nf3 g6 6. Be2 a6 7. Be3 Bg7 8.
Qd2 O-O 9. O-O-O b5 10. Ne5 Bb7 11. Bf3 Bxf3 12. Nxf3 Nd5 13. Ne4 Qb6 14. Nc5
Rd8 15. Bh6 Bh8 16. h4 Nd7 17. Nxd7 Rxd7 18. h5 c5 19. hxg6 hxg6 20. Bf8 g5 21.
Qxg5+ Qg6 22. Qxg6+ fxg6 23. Bh6 cxd4 24. Nxd4 Nf6 25. f3 Rad8 26. Ne6 Rxd1+
27. Rxd1 Rxd1+ 28. Kxd1 Nd5 29. c3 Kf7 30. Nc5 a5 31. Kc2 a4 32. Ne4 Ke6 33. b3
axb3+ 34. axb3 Ke5 35. g3 Ke6 36. Kd3 Nb6 37. Be3 Nd5 38. Bd4 Nf6 39. g4 Bg7
40. c4 bxc4+ 41. Kxc4 Bf8 42. b4 Nd7 43. b5 Bh6 44. Nc5+ Nxc5 45. Kxc5 Bf4 46.
Kc6 Bd6 47. b6 Bb8 48. b7 Bd6 49. Bb6 Bb8 50. Bc7 Ba7 51. Bf4 Kf6 52. Bc7 e5
53. Kb5 1-0

[Event "DEM U14 2014"]
[Site "Magdeburg GER"]
[Date "2014.06.13"]
[Round "8"]
[White "Pallas, Sebastian"]
[Black "Schröder, Kevin"]
[Result "1/2-1/2"]
[Termination "normal"]
[Board "1"]
[WhiteElo "2004"]
[BlackElo "2178"]
[WhiteClock "00:09:50"]
[BlackClock "00:26:59"]
[PlyCount "84"]
[WhiteFideId "12905453"]
[BlackFideId "12929840"]
[EventCountry "GER"]
[EventRounds "9"]
[EventType "swiss"]
[EventDate "2014.06.07"]

1. e4 e5 2. Nf3 Nf6 3. Nxe5 Nxe4 4. Qe2 Qe7 5. Qxe4 d6 6. d4 dxe5 7. dxe5 Nc6
8. Nc3 Qxe5 9. Qxe5+ Nxe5 10. Nb5 Bb4+ 11. c3 Ba5 12. Bf4 f6 13. Bxe5 fxe5 14.
O-O-O Ke7 15. f3 Be6 16. Kb1 Rhd8 17. Re1 Kf6 18. Na3 Rd2 19. g4 b5 20. Bxb5
Bxc3 21. bxc3 Rb8 22. g5+ Kf7 23. Rxe5 Rxa2 24. Rxe6 Rxa3 25. Re5 Rb3+ 26. Kc2
R3xb5 27. Rxb5 Rxb5 28. Ra1 a5 29. f4 Rf5 30. Ra4 Ke6 31. Kd3 Kd6 32. Ke4 Rc5
33. f5 g6 34. fxg6 hxg6 35. Kf4 Rxc3 36. Rxa5 Rc4+ 37. Kg3 Rc5 38. Ra6+ c6 39.
h4 Rc3+ 40. Kg4 Rc4+ 41. Kg3 Ke5 42. Ra8 Rc3+ 1/2-1/2

[Event "DEM U14 2014"]
[Site "Magdeburg GER"]
[Date "2014.06.13"]
[Round "8"]
[White "Schmidek, Emil"]
[Black "Lagunow, Raphael"]
[Result "1/2-1/2"]
[Termination "normal"]
[Board "2"]
[WhiteElo "2038"]
[BlackElo "2066"]
[WhiteClock "01:04:11"]
[BlackClock "01:05:08"]
[PlyCount "69"]
[WhiteFideId "12908150"]
[BlackFideId "24652644"]
[EventCountry "GER"]
[EventRounds "9"]
[EventType "swiss"]
[EventDate "2014.06.07"]

1. e4 c5 2. Nf3 Nc6 3. d4 cxd4 4. Nxd4 g6 5. c4 Nf6 6. Nc3 Nxd4 7. Qxd4 d6 8.
Bg5 Bg7 9. Be2 O-O 10. O-O Be6 11. Qe3 Qb6 12. b3 Qxe3 13. Bxe3 Ng4 14. Bd2 Be5
15. Bxg4 Bxc3 16. Bxc3 Bxg4 17. f3 Be6 18. Bd4 b6 19. Rac1 Rac8 20. Rfd1 Rfd8
21. Kf2 f6 22. Ke3 Kf7 23. Rd2 Rc7 24. Rdc2 Rdc8 25. Kd3 Ke8 26. b4 Kd7 27. c5
bxc5 28. bxc5 dxc5 29. Bxc5 Bxa2 30. Rxa2 Rxc5 31. Rxa7+ Ke6 32. Rxc5 Rxc5 33.
Ra8 Kf7 34. Rh8 Kg7 35. Re8 1/2-1/2

[Event "DEM U14 2014"]
[Site "Magdeburg GER"]
[Date "2014.06.13"]
[Round "8"]
[White "Kololli, Kevin"]
[Black "Vogel, Roven"]
[Result "0-1"]
[Termination "normal"]
[Board "3"]
[WhiteElo "2030"]
[BlackElo "2270"]
[WhiteClock "01:19:04"]
[BlackClock "00:35:47"]
[PlyCount "58"]
[WhiteFideId "12936863"]
[BlackFideId "12908088"]
[EventCountry "GER"]
[EventRounds "9"]
[EventType "swiss"]
[EventDate "2014.06.07"]

1. e4 d6 2. d4 Nf6 3. Nc3 g6 4. f4 Bg7 5. Nf3 O-O 6. Bd3 Nc6 7. e5 dxe5 8. fxe5
Nd5 9. Nxd5 Qxd5 10. c3 Bg4 11. h3 Bxf3 12. Qxf3 Qxf3 13. gxf3 Rad8 14. Ke2 Nb8
15. b4 c6 16. h4 e6 17. Bg5 Rc8 18. h5 Rfe8 19. hxg6 fxg6 20. Rh2 Nd7 21. Be4
a5 22. Rb1 axb4 23. Rxb4 b6 24. Ra4 Rc7 25. Kd3 Bxe5 26. dxe5 Nc5+ 27. Ke3 Nxa4
28. Bf6 Nxc3 29. Bxg6 Nd5+ 0-1

[Event "DEM U14 2014"]
[Site "Magdeburg GER"]
[Date "2014.06.13"]
[Round "8"]
[White "Kitze, Alexander"]
[Black "Buckels, Valentin"]
[Result "1-0"]
[Termination "normal"]
[Board "4"]
[WhiteElo "2058"]
[BlackElo "2102"]
[WhiteClock "00:19:25"]
[BlackClock "00:19:36"]
[PlyCount "71"]
[WhiteFideId "12914827"]
[BlackFideId "12942766"]
[EventCountry "GER"]
[EventRounds "9"]
[EventType "swiss"]
[EventDate "2014.06.07"]

1. e4 e5 2. Nf3 Nc6 3. Bb5 a6 4. Ba4 Nf6 5. O-O Be7 6. Re1 b5 7. Bb3 d6 8. c3
O-O 9. h3 Nb8 10. d4 Nbd7 11. Nbd2 Bb7 12. Bc2 c5 13. d5 c4 14. Nf1 Qc7 15. g4
Rfb8 16. Ng3 Bc8 17. Nf5 Bf8 18. Kh1 a5 19. Rg1 Nc5 20. Qe2 b4 21. N3h4 Ne8 22.
Qf3 Qd8 23. Qg3 bxc3 24. bxc3 Nb3 25. Rb1 Nxc1 26. Rgxc1 g6 27. Ne3 Ba6 28. Nf3
Rxb1 29. Rxb1 Rb8 30. Qg1 Bh6 31. g5 Rxb1 32. Qxb1 Bxg5 33. Nxg5 Qxg5 34. Qb8
Kf8 35. Ba4 Qe7 36. Bxe8 1-0

[Event "DEM U14 2014"]
[Site "Magdeburg GER"]
[Date "2014.06.13"]
[Round "8"]
[White "Reuker, Jari"]
[Black "Bergauz, Noam"]
[Result "1-0"]
[Termination "normal"]
[Board "5"]
[WhiteElo "1867"]
[BlackElo "2147"]
[WhiteClock "01:09:20"]
[BlackClock "00:43:13"]
[PlyCount "55"]
[WhiteFideId "12909300"]
[BlackFideId "12938033"]
[EventCountry "GER"]
[EventRounds "9"]
[EventType "swiss"]
[EventDate "2014.06.07"]

1. e4 e6 2. d4 d5 3. Nd2 Nf6 4. e5 Nfd7 5. Bd3 c5 6. c3 Nc6 7. Ne2 cxd4 8. cxd4
f6 9. Nf4 Nxd4 10. Qh5+ Ke7 11. exf6+ Nxf6 12. Ng6+ hxg6 13. Qxh8 Kf7 14. O-O
e5 15. Nb3 Nxb3 16. axb3 e4 17. Be2 Be6 18. Bf4 Qb6 19. Rfc1 Qxb3 20. Rc7+ Bd7
21. Be5 Bd6 22. Rxd7+ Ke6 23. Rxd6+ Kxe5 24. Qxa8 Qxb2 25. Qxa7 Kxd6 26. Qa3+
Qxa3 27. Rxa3 d4 28. Kf1 1-0

[Event "DEM U14 2014"]
[Site "Magdeburg GER"]
[Date "2014.06.13"]
[Round "8"]
[White "Kololli, Martin"]
[Black "Martin, Julian"]
[Result "1-0"]
[Termination "normal"]
[Board "6"]
[WhiteElo "2056"]
[BlackElo "1952"]
[WhiteClock "00:43:02"]
[BlackClock "01:05:03"]
[PlyCount "55"]
[WhiteFideId "12936910"]
[BlackFideId "12941000"]
[EventCountry "GER"]
[EventRounds "9"]
[EventType "swiss"]
[EventDate "2014.06.07"]

1. e4 c5 2. c3 d5 3. exd5 Qxd5 4. d4 Nf6 5. Nf3 Bg4 6. Be2 e6 7. O-O Nc6 8. Be3
cxd4 9. cxd4 Be7 10. Nc3 Qd6 11. h3 Bh5 12. Qb3 O-O 13. Rfd1 Rfd8 14. a3 Rac8
15. Rac1 b6 16. Qa4 Na5 17. b4 Nc4 18. Nb5 Qd5 19. Nxa7 Rc7 20. Bxc4 Rxc4 21.
Nc6 Re8 22. Rxc4 Qxc4 23. Rc1 Qe2 24. Nxe7+ Kf8 25. Re1 Qc4 26. Ne5 Qc7 27.
N7c6 Nd5 28. Qa7 1-0

[Event "DEM U14 2014"]
[Site "Magdeburg GER"]
[Date "2014.06.13"]
[Round "8"]
[White "Ovsepyan, Arshak"]
[Black "Fieberg, Samuel"]
[Result "1/2-1/2"]
[Termination "normal"]
[Board "7"]
[WhiteElo "2013"]
[BlackElo "1978"]
[WhiteClock "00:18:36"]
[BlackClock "00:42:27"]
[PlyCount "113"]
[WhiteFideId "24690236"]
[BlackFideId "12901717"]
[EventCountry "GER"]
[EventRounds "9"]
[EventType "swiss"]
[EventDate "2014.06.07"]

1. d4 d5 2. c4 c6 3. e3 Nf6 4. Nc3 e6 5. Nf3 Nbd7 6. Qc2 Bd6 7. b3 O-O 8. Bb2
Qe7 9. Be2 b6 10. Nd2 Bb7 11. Bf3 e5 12. O-O-O Rac8 13. Kb1 e4 14. Be2 c5 15.
dxc5 Nxc5 16. cxd5 Nxd5 17. Nc4 Nb4 18. Qd2 Bb8 19. Nb5 Nbd3 20. Bxd3 Nxd3 21.
Ba3 Nc5 22. Nbd6 Rcd8 23. Qd4 Bxd6 24. Nxd6 Ba6 25. Bxc5 bxc5 26. Nf5 cxd4 27.
Nxe7+ Kh8 28. Nc6 dxe3 29. Rxd8 Rxd8 30. Nxd8 exf2 31. Nxf7+ Kg8 32. Ne5 f1=Q+
33. Rxf1 Bxf1 34. g3 g5 35. Kc1 Kg7 36. Kd2 Kf6 37. Nc6 a6 38. Ke3 h5 39. Nd4
Ke5 40. a4 Kd5 41. b4 h4 42. b5 axb5 43. axb5 hxg3 44. hxg3 Bd3 45. b6 Ba6 46.
Nb3 Kc6 47. b7 Kc7 48. Nc5 Bb5 49. Nxe4 g4 50. Nd6 Ba6 51. Kd4 Bf1 52. Kc5 Bd3
53. Kd4 Bf1 54. Kd5 Be2 55. Ke5 Bd1 56. Kf4 Be2 57. Kg5 1/2-1/2

[Event "DEM U14 2014"]
[Site "Magdeburg GER"]
[Date "2014.06.13"]
[Round "8"]
[White "Gungl, Theo"]
[Black "Stein, Robert"]
[Result "1-0"]
[Termination "normal"]
[Board "8"]
[WhiteElo "2066"]
[BlackElo "1891"]
[WhiteClock "00:03:50"]
[BlackClock "00:00:35"]
[PlyCount "125"]
[WhiteFideId "24695653"]
[BlackFideId "12921084"]
[EventCountry "GER"]
[EventRounds "9"]
[EventType "swiss"]
[EventDate "2014.06.07"]

1. e4 e5 2. Nf3 Nc6 3. Bb5 a6 4. Bxc6 dxc6 5. O-O f6 6. d4 Bg4 7. c3 Bd6 8. h3
Bh5 9. Be3 Ne7 10. Nbd2 b5 11. Qb3 Bf7 12. Qc2 Ng6 13. dxe5 Nxe5 14. Nxe5 Bxe5
15. Nf3 Bd6 16. Nd4 Qd7 17. Nf5 O-O 18. Rad1 Qe6 19. Nxd6 cxd6 20. Rfe1 Rad8
21. Bf4 Rd7 22. f3 Rfd8 23. b3 h6 24. Qf2 Rb7 25. Qg3 Kh7 26. Rxd6 Rxd6 27.
Bxd6 Rd7 28. e5 fxe5 29. Bxe5 Qg6 30. Qf2 Rd3 31. Bd4 c5 32. Bxc5 Rxc3 33. Bd4
Rc2 34. Re2 Rxe2 35. Qxe2 Be6 36. Kh2 Bf5 37. Qe5 Bc2 38. b4 Bd3 39. a3 Bc4 40.
g4 Bd3 41. Kg3 Qg5 42. Qc7 Qg6 43. f4 Bc4 44. f5 Qf7 45. Qe5 Bd3 46. Kf4 Bc4
47. h4 Qf8 48. g5 hxg5+ 49. hxg5 g6 50. f6 Qf7 51. Bc5 Be6 52. Qd6 Bf5 53. Ke5
Kg8 54. Qd8+ Kh7 55. Qe7 Kg8 56. Kd6 Bc2 57. Kc7 Bb3 58. Kb6 Qxe7 59. fxe7 Kf7
60. Kxa6 Ba4 61. Kb6 Ke8 62. Kc6 Kf7 63. Kd7 1-0

[Event "DEM U14 2014"]
[Site "Magdeburg GER"]
[Date "2014.06.13"]
[Round "8"]
[White "Greßmann, Moritz"]
[Black "Tiedemann, Fin Niklas"]
[Result "1-0"]
[Termination "normal"]
[Board "9"]
[WhiteElo "1963"]
[BlackElo "1618"]
[PlyCount "131"]
[WhiteFideId "24695084"]
[BlackFideId "12936936"]
[EventCountry "GER"]
[EventRounds "9"]
[EventType "swiss"]
[EventDate "2014.06.07"]

1. e4 e5 2. Nf3 Nc6 3. Bc4 Nf6 4. d3 Be7 5. O-O O-O 6. c3 d6 7. Nbd2 Na5 8. Bb5
a6 9. Ba4 b5 10. Bc2 c5 11. Re1 Qc7 12. Nf1 Re8 13. Bg5 Nc6 14. Ne3 Be6 15. Bb3
Nd8 16. Bxf6 Bxf6 17. Bd5 Rc8 18. a4 Bd7 19. axb5 axb5 20. Ra6 Be7 21. Qa1 Nc6
22. Qa2 Rf8 23. Ra1 Qd8 24. Bxc6 Bxc6 25. Nd5 Bf6 26. Ra7 h5 27. Nd2 Bg5 28.
Nf1 h4 29. h3 Ra8 30. Nfe3 Bxe3 31. Nxe3 g6 32. Nd5 Rxa7 33. Qxa7 Bxd5 34. exd5
Qg5 35. Qb6 Qd2 36. Qxb5 Kg7 37. Qb6 Ra8 38. Rf1 Qxd3 39. Qxd6 Qf5 40. Qxc5 Rd8
41. d6 Qe6 42. Rd1 f5 43. d7 Rxd7 44. Rxd7+ Qxd7 45. Qxe5+ Kh7 46. b4 g5 47. b5
g4 48. b6 Kg6 49. hxg4 fxg4 50. Qe4+ Kg5 51. Qd4 Qb5 52. c4 Qb1+ 53. Kh2 Kf5
54. Qd5+ Kf4 55. Qf7+ Kg5 56. Qg7+ Kh5 57. Qe5+ Kh6 58. c5 Kg6 59. Qe6+ Kg5 60.
Qd5+ Kf4 61. Qd4+ Kf5 62. c6 Qb3 63. Qd7+ Kf4 64. Qd6+ Kg5 65. c7 Qc3 66. b7
1-0

[Event "DEM U14 2014"]
[Site "Magdeburg GER"]
[Date "2014.06.13"]
[Round "8"]
[White "Poghosyan, Tigran"]
[Black "Ramien, David"]
[Result "1-0"]
[Termination "normal"]
[Board "10"]
[WhiteElo "2026"]
[BlackElo "1883"]
[PlyCount "51"]
[WhiteFideId "12909319"]
[BlackFideId "12948241"]
[EventCountry "GER"]
[EventRounds "9"]
[EventType "swiss"]
[EventDate "2014.06.07"]

1. e4 e5 2. Nf3 Nc6 3. Bb5 g6 4. d4 exd4 5. Bg5 Be7 6. Bxe7 Qxe7 7. O-O Qb4 8.
Bxc6 bxc6 9. Qxd4 Qxd4 10. Nxd4 Nf6 11. Re1 O-O 12. c4 Bb7 13. Nc3 Rfe8 14. f4
d6 15. h3 Nh5 16. f5 Re7 17. g4 Nf4 18. Kh2 Nd3 19. Re2 Ne5 20. b3 c5 21. Nc2
Nf3+ 22. Kg3 Nd4 23. Rd2 Nxc2 24. Rxc2 Bxe4 25. Re2 Rae8 26. Rae1 1-0

[Event "DEM U14 2014"]
[Site "Magdeburg GER"]
[Date "2014.06.13"]
[Round "8"]
[White "Spitzl, Vinzent"]
[Black "Höglauer, Patrick"]
[Result "1/2-1/2"]
[Termination "normal"]
[Board "11"]
[WhiteElo "1904"]
[BlackElo "2069"]
[PlyCount "94"]
[WhiteFideId "12901253"]
[BlackFideId "1270548"]
[EventCountry "GER"]
[EventRounds "9"]
[EventType "swiss"]
[EventDate "2014.06.07"]

1. e4 c6 2. d4 d5 3. Nc3 dxe4 4. Nxe4 Bf5 5. Ng3 Bg6 6. Nh3 e6 7. Nf4 Bd6 8.
Ngh5 Bxf4 9. Nxf4 Nf6 10. Bc4 Nbd7 11. Bb3 Nd5 12. O-O Qf6 13. Nxg6 hxg6 14. f4
O-O-O 15. c3 Ne7 16. Qe2 Nf5 17. Rf3 Kb8 18. Be3 Rh7 19. a4 Rdh8 20. h3 Nh4 21.
Rg3 Nf5 22. Rf3 Nb6 23. a5 Nd5 24. Bd2 Nh4 25. Rff1 Nf5 26. Rf3 a6 27. Qe5+ Ka8
28. Rd3 Rh4 29. Qxf6 gxf6 30. Rf1 Rd8 31. Bc2 Nd6 32. Bb3 Ne4 33. Bc1 f5 34.
Rdf3 Ndf6 35. Be3 Nh5 36. Rd1 Nhf6 37. c4 Kb8 38. Bc2 Rd7 39. Bd3 Rh8 40. Rff1
Rhd8 41. Bc2 Ng3 42. Rfe1 Nfe4 43. Kh2 Rd6 44. Bg1 Kc8 45. Be3 R6d7 46. Bb3 Rd6
47. Bc2 Kd7 1/2-1/2

[Event "DEM U14 2014"]
[Site "Magdeburg GER"]
[Date "2014.06.13"]
[Round "8"]
[White "Nothnagel, Marian Can"]
[Black "Muckle, Julius"]
[Result "1-0"]
[Termination "normal"]
[Board "12"]
[WhiteElo "1790"]
[BlackElo "1938"]
[PlyCount "73"]
[WhiteFideId "12921530"]
[BlackFideId "12942430"]
[EventCountry "GER"]
[EventRounds "9"]
[EventType "swiss"]
[EventDate "2014.06.07"]

1. e4 e6 2. d4 d5 3. Nd2 dxe4 4. Nxe4 Bd7 5. c3 Bc6 6. Ng3 Nd7 7. Nf3 Ngf6 8.
Bd3 Be7 9. Bg5 h6 10. Bd2 Nc5 11. Bc2 Nce4 12. O-O Bd6 13. Re1 Nxd2 14. Nxd2
O-O 15. Nde4 Nxe4 16. Nxe4 Bxe4 17. Rxe4 c5 18. Qd3 Qc7 19. d5 Rfd8 20. c4 g6
21. h4 e5 22. Qe2 f5 23. Re3 e4 24. h5 g5 25. g4 Bf4 26. Rb3 Re8 27. gxf5 Qe5
28. Re1 e3 29. fxe3 Bg3 30. Rf1 b6 31. f6 Rf8 32. Qd3 Bh2+ 33. Kh1 Rxf6 34.
Qh7+ Kf8 35. Qh8+ Ke7 36. Qg7+ Rf7 37. Rxf7+ 1-0

[Event "DEM U14 2014"]
[Site "Magdeburg GER"]
[Date "2014.06.13"]
[Round "8"]
[White "Schnabel, Bennett"]
[Black "Nguyen, Huy Dat"]
[Result "1/2-1/2"]
[Termination "normal"]
[Board "13"]
[WhiteElo "1715"]
[BlackElo "1921"]
[PlyCount "82"]
[WhiteFideId "12943290"]
[BlackFideId "12923486"]
[EventCountry "GER"]
[EventRounds "9"]
[EventType "swiss"]
[EventDate "2014.06.07"]

1. e4 c5 2. Nf3 d6 3. d4 cxd4 4. Nxd4 Nf6 5. Nc3 a6 6. Be2 e5 7. Nb3 Be7 8. Bg5
O-O 9. Bxf6 Bxf6 10. Qd3 Be6 11. O-O-O Qb6 12. Rhf1 Rd8 13. Nd5 Bxd5 14. Qxd5
Nc6 15. Kb1 Rac8 16. c3 Qc7 17. Bg4 Rb8 18. Qd3 b5 19. a3 a5 20. f3 b4 21. axb4
axb4 22. c4 Nd4 23. Nxd4 exd4 24. b3 Ra8 25. Kb2 Ra2+ 26. Kxa2 Qa5+ 27. Kb2
Qa3+ 28. Kc2 Qa2+ 29. Kc1 Ra8 30. Qc2 d3 31. Qxa2 Rxa2 32. Rxd3 Ra1+ 33. Kc2
Rxf1 34. Rxd6 Kf8 35. Rd1 Rxd1 36. Kxd1 Ke7 37. c5 Bd4 38. c6 Kd6 39. Bd7 Be5
40. g3 Kc5 41. Kd2 g5 1/2-1/2

[Event "DEM U14 2014"]
[Site "Magdeburg GER"]
[Date "2014.06.13"]
[Round "8"]
[White "Niermann, Tristan"]
[Black "Herbrig, Alexander"]
[Result "1/2-1/2"]
[Termination "normal"]
[Board "14"]
[WhiteElo "1819"]
[BlackElo "1886"]
[PlyCount "99"]
[WhiteFideId "12990698"]
[BlackFideId "12952044"]
[EventCountry "GER"]
[EventRounds "9"]
[EventType "swiss"]
[EventDate "2014.06.07"]

1. e4 c5 2. Nf3 e6 3. c3 d5 4. exd5 Qxd5 5. d4 Nf6 6. Bd3 Be7 7. O-O O-O 8. h3
Nc6 9. Be3 Rd8 10. Bc2 cxd4 11. cxd4 Nb4 12. Bb3 Qa5 13. Nc3 Bd7 14. Ne5 Be8
15. Rc1 Rac8 16. Qe2 Nbd5 17. Bd2 Bb4 18. Bxd5 Nxd5 19. Nxd5 exd5 20. Bxb4 Qxb4
21. Rxc8 Rxc8 22. Rd1 Qb6 23. Nf3 Bb5 24. Qe5 Qc6 25. Qe3 Re8 26. Rc1 Rxe3 27.
Rxc6 bxc6 28. fxe3 f6 29. Kf2 Kf7 30. Kg3 Ke6 31. Kf4 g5+ 32. Kg4 Bf1 33. Ne1
Be2+ 34. Nf3 Bd3 35. h4 h6 36. hxg5 hxg5 37. Nd2 Be2+ 38. Kg3 Kf5 39. a3 Bd1
40. Kf2 Kg4 41. Nf3 Bxf3 42. gxf3+ Kf5 43. Kg3 Kg6 44. e4 dxe4 45. fxe4 f5 46.
e5 Kf7 47. b4 Ke6 48. a4 a6 49. a5 Kd5 50. Kf3 1/2-1/2

[Event "DEM U14 2014"]
[Site "Magdeburg GER"]
[Date "2014.06.13"]
[Round "8"]
[White "Rieß, Alexander"]
[Black "Rätzke von Stoyentin, Steffen"]
[Result "1-0"]
[Termination "normal"]
[Board "15"]
[WhiteElo "1856"]
[BlackElo "1882"]
[PlyCount "109"]
[WhiteFideId "12953326"]
[BlackFideId "12907502"]
[EventCountry "GER"]
[EventRounds "9"]
[EventType "swiss"]
[EventDate "2014.06.07"]

1. Nf3 Nf6 2. c4 g6 3. Nc3 d5 4. cxd5 Nxd5 5. Qc2 Nc6 6. d4 Nxc3 7. bxc3 Bg7 8.
e4 O-O 9. Be3 e5 10. Rd1 Qe7 11. Be2 exd4 12. cxd4 Re8 13. e5 Bf5 14. Qd2 Rad8
15. Bg5 f6 16. exf6 Bxf6 17. Bxf6 Qxf6 18. O-O Kh8 19. Rfe1 Rd6 20. Bc4 Red8
21. Qh6 Qg7 22. Qf4 Na5 23. Bb5 a6 24. Bf1 Be6 25. Qg5 Nc6 26. Rb1 Bd5 27. Qe3
Bxf3 28. Qxf3 b5 29. Rbc1 Nxd4 30. Qb7 Ne6 31. Rc6 Rxc6 32. Qxc6 Rd6 33. Qf3
Qf8 34. Rxe6 Qxf3 35. Re8+ Kg7 36. gxf3 c5 37. a4 c4 38. axb5 axb5 39. Re5 Rb6
40. Rc5 Kf6 41. Be2 h6 42. Kf1 Ke6 43. Ke1 Rb8 44. Rc6+ Kd5 45. Rxg6 b4 46. Kd1
b3 47. Kc1 h5 48. Rg5+ Kd4 49. Rxh5 Kc3 50. Re5 b2+ 51. Kb1 Rb4 52. Re4 Ra4 53.
Rxc4+ Rxc4 54. Bxc4 Kxc4 55. Kxb2 1-0